An historical essay on Architecture

Salvato in:
Dettagli Bibliografici
Autore principale: HOPE, Thomas
Natura: Libro
Lingua:inglese
Pubblicazione: Cambridge University Press 2014
Tags: Aggiungi Tag
Nessun Tag, puoi essere il primo ad aggiungerne!!

MARC

LEADER 00000nam a22000007a 4500
008 211026b ||||| |||| 00| 0 eng d
020 |a 9781108068420 
100 |a HOPE, Thomas 
245 |a An historical essay on Architecture  |c Thomas Hope  |g vii,89p.:ill. 
260 |b Cambridge University Press  |c 2014  |h New York  |i 696152  |i 696153  |i 696154  |i 696155  |l NA200.H77  |m Architecture--History 
500 |a It includes index 
942 |a lcc  |c BK  |e Kuteyi  |f 26/10/2021 
952 |0 0  |1 0  |2 lcc  |4 0  |6 NA0200 H77  |7 0  |9 3697  |a HOL  |b HOL  |c GJ  |d 2021-10-26  |l 0  |o NA200.H77  |p 2021-67432  |r 2021-10-26 00:00:00  |w 2021-10-26  |y BK 
952 |0 0  |1 0  |2 lcc  |4 0  |6 NA0200 H77  |7 0  |9 3698  |a HOL  |b HOL  |c GJ  |d 2021-10-26  |l 0  |o NA200.H77  |p 2021-67433  |r 2021-10-26 00:00:00  |w 2021-10-26  |y BK 
952 |0 0  |1 0  |2 lcc  |4 0  |6 NA0200 H77  |7 0  |9 3699  |a HOL  |b ART  |c GJ  |d 2021-10-26  |l 0  |o NA200.H77  |p 2021-67434  |r 2021-10-26 00:00:00  |w 2021-10-26  |y BK 
952 |0 0  |1 0  |2 lcc  |4 0  |6 NA0200 H77  |7 0  |9 3700  |a HOL  |b EDM  |c GJ  |d 2021-10-26  |l 0  |o NA200.H77  |p 2021-67435  |r 2021-10-26 00:00:00  |w 2021-10-26  |y BK 
999 |c 1840  |d 1840